Lokalizace sportovních zařízení v regionu
Postavenie a úloha športu v spoločnosti. Umiestnenie športových zariadení v regióne. Faktory ovplyvňujúce konkrétne umiestnenie. Rozdelenie scenárov pre desať viacúčelových športových hál.
Saved in:
| Main Author: | |
|---|---|
| Other Authors: | |
| Format: | Book Chapter |
| Language: | Czech |
| Subjects: | |
| Tags: |
No Tags, Be the first to tag this record!
|
MARC
| LEADER | 00000naa$a2200000$$$4500 | ||
|---|---|---|---|
| 001 | 0014277 | ||
| 005 | 20211005125444.8 | ||
| 041 | 0 | |a cze | |
| 044 | |a SK | ||
| 245 | 1 | 0 | |a Lokalizace sportovních zařízení v regionu |c Petr Chvojka, Jiří Novotný |
| 520 | |a Postavenie a úloha športu v spoločnosti. Umiestnenie športových zariadení v regióne. Faktory ovplyvňujúce konkrétne umiestnenie. Rozdelenie scenárov pre desať viacúčelových športových hál. | ||
| 610 | 2 | 0 | |a šport |
| 610 | 2 | 0 | |a infraštruktúra |
| 610 | 2 | 0 | |a lokalizácia |
| 610 | 2 | 0 | |a regióny |
| 610 | 2 | 0 | |a scenáre |
| 100 | 1 | |a Chvojka, Petr | |
| 700 | 1 | |a Novotný, Jiří | |